El horizonte teologal en el ideario de Las Casas / (Record no. 120056)

MARC details
000 -LEADER
campo de control de longitud fija 00822nam a2200217 4500
001 - NÚMERO DE CONTROL
campo de control 120056
003 - IDENTIFICADOR DE NÚMERO DE CONTROL
campo de control ES-MaACL
005 - FECHA Y HORA DE LA ÚLTIMA TRANSACCIÓN
campo de control 20251003152034.0
007 - CAMPO FIJO DE DESCRIPCIÓN FÍSICA--INFORMACIÓN GENERAL
campo de control de longitud fija t|
008 - DATOS DE LONGITUD FIJA--INFORMACIÓN GENERAL
campo de control de longitud fija 070214s1975 sp r ||||1| spa d
100 1# - ENTRADA PRINCIPAL--NOMBRE DE PERSONA
Nombre de persona Pérez de Tudela y Bueso, Juan,
Fechas asociadas al nombre 1922-2004
9 (RLIN) 90810
245 13 - MENCIÓN DEL TÍTULO
Título El horizonte teologal en el ideario de Las Casas /
Mención de responsabilidad, etc. Juan Pérez de Tudela, Las Casas, juristas ; por Alfonso García-Gallo.
260 ## - PUBLICACIÓN, DISTRIBUCIÓN, ETC.
Lugar de publicación, distribución, etc. Madrid :
Nombre del editor, distribuidor, etc. Instituto de España,
Fecha de publicación, distribución, etc. 1975.
300 ## - DESCRIPCIÓN FÍSICA
Extensión 77 p. ;
Dimensiones 23 cm.
500 ## - NOTA GENERAL
Nota general Precede al Tit : Sesión de apertura del curso académico 1974-75.
700 1# - ENTRADA AGREGADA--NOMBRE PERSONAL
Nombre de persona García-Gallo, Alfonso,
Fechas asociadas al nombre 1911-1992
9 (RLIN) 54644
700 1# - ENTRADA AGREGADA--NOMBRE PERSONAL
Nombre de persona Casas, Bartolomé de las,
Fechas asociadas al nombre 1474-1566
9 (RLIN) 140251
710 2# - ENTRADA AGREGADA--NOMBRE DE ENTIDAD CORPORATIVA
Nombre de entidad corporativa o nombre de jurisdicción como elemento de entrada Instituto de España.
9 (RLIN) 4873
852 ## - LOCALIZACIÓN
Ubicación ES-MaACL
Número de control de estantería E-7828
Sublocalización o colección R.92360
Holdings
Estatus retirado Estado de pérdida Estado de daño No para préstamo Biblioteca de origen Biblioteca actual Ubicación en estantería Fecha de adquisición Fuente de adquisición Total de préstamos Signatura topográfica completa Código de barras Visto por última vez Precio de reemplazo Tipo de ítem Koha
        Biblioteca del Ateneo de Madrid Biblioteca del Ateneo de Madrid Depósito 2 17/01/2008     E-7828 1125140 23/02/2023 23/02/2023 Libro impreso